DA-DZ People Quiz Stats

 Plays Quiz not verified by Sporcle

Score 0/26 Timer 05:00
0 Plays Today
Hint Answer % Correct
DTDonald Trump
96.9%
DDDanny DeVito
95.1%
DMDemi Moore
85.7%
DSDavid Schwimmer
85.5%
DBDrew Barrymore
80.6%
DFDakota Fanning
74.5%
DEDwight Eisenhower
74.3%
DQDennis Quaid
72.8%
DCDrew Carey
71.5%
DLDemi Lovato
70.8%
DODonny Osmond
68.1%
DGDonald Glover
60.3%
DVDick Van Dyke
59.7%
Hint Answer % Correct
DPDanica Patrick
59.2%
DADavid Arquette
58.8%
DJDavy Jones
46.2%
DRDebbie Reynolds
46%
DWDwyane Wade
44.7%
DNDavid Niven
39.6%
DIDon Imus
27.3%
DXDeng Xiaoping
23.6%
DYDwight Yoakam
19.9%
DZDaphne Zuniga
17.6%
DHDoug Henning
16.6%
DUDan Uggla
13.5%
DKDean Koontz
3.9%

You're not logged in!

Compare scores with friends on all Sporcle quizzes.
OR
Log In

Show Comments

Extras

Top Quizzes Today


Score Distribution

Your Account Isn't Verified!

In order to create a playlist on Sporcle, you need to verify the email address you used during registration. Go to your Sporcle Settings to finish the process.

Report this User

Report this user for behavior that violates our Community Guidelines.

Details: